LIBRARY & INFORMATION CENTRE, KCAET, TAVANUR

ONLINE PUBLIC ACCESS CATALOGUE (OPAC)

Machine drawing and design for beginners / (Record no. 1934)

MARC details
000 -LEADER
fixed length control field 00450cam a2200181ua 4500
041 ## - LANGUAGE CODE
Language code of text/sound track or separate title eng
082 ## - DEWEY DECIMAL CLASSIFICATION NUMBER
Classification number 621.8152
Item number SPO/MA
100 ## - MAIN ENTRY--AUTHOR NAME
Personal name Spooner, Henry.J.C.E .
245 ## - TITLE STATEMENT
Title Machine drawing and design for beginners /
250 ## - EDITION STATEMENT
Edition statement 2 /
260 ## - PUBLICATION, DISTRIBUTION, ETC. (IMPRINT)
Place of publication :
Name of publisher Longman ,
Year of publication 1959.
300 ## - PHYSICAL DESCRIPTION
Number of Pages 266 ; .
942 ## - ADDED ENTRY ELEMENTS (KOHA)
Koha item type Books
Holdings
Withdrawn status Lost status Damaged status Home library Current library Date acquired Full call number Accession Number Koha item type
      KAUAET KAUAET 07/04/2012 621.8152 3910 Books
free website counter